000 00747nam a2200241Ia 4500
003 OSt
005 20220916110907.0
006 a|||||r|||| 00| 0
007 ta
008 220915b |||||||| |||| 00| 0 hin d
024 _a249304
037 _cTextbook
040 _bhin
_aARTS
_cARTS
041 _ahin
082 _a2:55, 152L0
100 _aअग्रवाल, श्यामसुन्दर
245 0 _aग्रन्थालय सूचीकरण: एक अध्ययन
246 _aGranthālaya sūchīkaraṇa: ek adhyayana
260 _c1980
300 _a476पृ0
_ccm.
942 _h2:55, 152L0
_cTB
_2CC
999 _c100640
_d100640